Cuidados /
Guardado en:
| Autor Principal: | |
|---|---|
| Autor Corporativo: | |
| Formato: | Libro |
| Idioma: | Undetermined |
| Publicado: |
Buenos Aires :
Ministerio de Educación de la Nación,
2021.
|
| Series: | Colección Derechos Humanos, Género y ESI en la escuela
|
| Materias: | |
| Etiquetas: |
Agregar Etiqueta
Sin Etiquetas, Sea el primero en etiquetar este registro!
|
| LEADER | 01764nam a22002535a 4500 | ||
|---|---|---|---|
| 001 | CEM.cems019528 | ||
| 008 | 220913s2021####ag############000#0#und#d | ||
| 005 | 20231122122244.0 | ||
| 245 | 1 | 0 | |a Cuidados / |c Jaime Perczyk. |
| 260 | |a Buenos Aires : |b Ministerio de Educación de la Nación, |c 2021. | ||
| 300 | |a 81 p. | ||
| 490 | 1 | |a Colección Derechos Humanos, Género y ESI en la escuela | |
| 505 | 0 | |a Escuela, democracia y ciudadanía -- Introducción -- Un modo de pensar las prácticas cotidianas -- ¿De qué hablamos cuando hablamos de cuidados? -- Abordajes del cuidado desde diferentes disciplinas -- Marco legal y normativo de las política de cuidado en nuestro país -- Vínculo con la tarea docente -- Niños, niñas, jóvenes y adolescentes en plural -- Problemáticas que afectan a las subjetividades y afectan la vida escolar: suicidio, consumos problemáticos y salud mental -- El cuidado en el aula -- Pensar la escuela como espacio de cuidado posiciones docentes -- Pensar la escuela como espacio de cuidado: saberes y prácticas que pueden desplegarse frente a situaciones de emergencia -- La vida compartida en las escuelas: el paradigma democrático en el abordaje de la educación, la salud y el sistema integral de derechos -- Propuestas de actividades para trabajar los cuidados en el aula -- Recursero | |
| 020 | |a 9789500015196 | ||
| 100 | 1 | |a Perczyk, Jaime. | |
| 110 | 2 | |a Ministerio de Educación de la Nación. | |
| 653 | |a Derechos | ||
| 653 | |a Derechos Humanos | ||
| 653 | |a ESI | ||
| 653 | |a Educación Sexual Integral | ||
| 653 | |a Derechos del niño | ||
| 653 | |a Formación Docente | ||
| 859 | |a CEMS |b BIB. CEMS - Agricultura |h 371.76 |i P412-3 |p A3545.23 |t Ej.1 | ||
| 859 | |a CEMS |b BIB. CEMS - Inicial y Primaria |h 371.76 |i P412-3 |p 29374.22 |t Ej.1 | ||
